000 00533nam a22001817a 4500
005 20251108172911.0
008 250721s2003 xx 000 0 ara d
082 1 4 _a347.98 /غيث
100 1 _aغيث، عزت
245 1 0 _aقانون التنفيذ /
264 1 _aعمان :
_bدار قنديل للنشر والتوزيع،
_c2003.
300 _a47 ص.
490 0 _aالتشريعات القضائية
_v18
650 1 7 _aالقانون المدني
650 1 7 _aالمحاكمات
942 _2ddc
_cBK
999 _c91321
_d91321